| 000 | 00565nab a2200157Ia 4500 | ||
|---|---|---|---|
| 003 | ES-SlBCS | ||
| 005 | 20210601134126.0 | ||
| 008 | 140529s2013 xxu||||| |||| 00| 0 por d | ||
| 041 | _apor | ||
| 100 | 1 |
_aHupffer, Haide Maria _9213898 |
|
| 245 | 0 | 2 |
_aA experiência hermenêutica do jogo no ensino do direito ambiental _c Haide Maria Hupffer, Luiz Gonzaga Silva Adolfo |
| 650 | 0 | 4 |
_aHermenéutica Filosófica _9129767 |
| 700 | 1 |
_aGonzaga Silva Adolfo, Luiz _9213899 |
|
| 773 | 0 |
_tEducaçao e Filosofia _gvol. 27, nº. 53, 2013, págs. 193-216 _wRev1534 |
|
| 942 | _cAR | ||
| 999 |
_c607490 _d607490 |
||